| 000 | 00936cam a2200133 4500500 | ||
|---|---|---|---|
| 005 | 20260405052459.0 | ||
| 041 | _afre | ||
| 042 | _adc | ||
| 100 | 1 | 0 |
_aCorcuff, Philippe _eauthor |
| 245 | 0 | 0 | _aLes années 30 reviennent et la gauche est dans le brouillard |
| 260 |
_bÉditions Textuel,
_c2019. |
||
| 520 | _a«Un livre de combat qui assume son caractère pamphlétaire face au danger que ne se referment sur nous les promesses démocratiques.» Le Monde. Ce livre est à considérer comme un puissant coup de projecteur sur les tendances les plus régressives de l’air du temps. Hystérie islamophobe dans l’espace public et antisémitisme sanglant: Philippe Corcuff nous alerte quant au sombre écho des années 1930 qui résonne dans l’humeur idéologique actuelle. | ||
| 856 | 4 | 1 | _uhttps://shs.cairn.info/les-annees-30-reviennent-et-la-gauche-est-dans-le-brouillard--9782845975057?lang=fr&redirect-ssocas=7080 |
| 999 |
_c2185520 _d2185520 |
||